Юность державы (Запись № 154745)

Подробности
000 -МАРКЕР
контрольное поле 02326nam0a2200361 4500
001 - ИДЕНТИФИКАТОР ЗАПИСИ
контрольное поле RU\NLR\bibl\335701
005 - ИДЕНТИФИКАТОР ВЕРСИИ
контрольное поле 20260408190741.0
010 ## - МЕЖДУНАРОДНЫЙ СТАНДАРТНЫЙ НОМЕР КНИГИ (ISBN)
Номер (ISBN) 5-94177-002-2
Тираж 3000
035 ## - ДРУГИЕ СИСТЕМНЫЕ НОМЕРА
Идентификатор записи (NLR Aleph) 000330634
100 ## - ДАННЫЕ ОБЩЕЙ ОБРАБОТКИ
Данные общей обработки 20021118d2000 |||y0rusy50 ca
101 0# - ЯЗЫК РЕСУРСА
Язык текста, звукозаписи и т.д. русский
102 ## - СТРАНА ПУБЛИКАЦИИ ИЛИ ПРОИЗВОДСТВА
Страна публикации Российская Федерация
105 ## - ПОЛЕ КОДИРОВАННЫХ ДАННЫХ: ТЕКСТОВЫЕ МАТЕРИАЛЫ, МОНОГРАФИЧЕСКИЕ
Кодированные данные о монографическом текстовом документе y |||||||||
200 1# - ЗАГЛАВИЕ И СВЕДЕНИЯ ОБ ОТВЕТСТВЕННОСТИ
Основное заглавие Юность державы
Сведения, относящиеся к заглавию [Сб.
Первые сведения об ответственности Сост., послесл., указ. имен, глосарий к.ист.н. В. Наумов]
210 ## - ПУБЛИКАЦИЯ, РАСПРОСТРАНЕНИЕ И ДР.
Место издания, распространения и т.д. Москва
Имя издателя, распространителя и т. д. Фонд Сергея Дубова
Дата издания, распространения и т.д. 2000
215 ## - ФИЗИЧЕСКАЯ ХАРАКТЕРИСТИКА
Специфическое обозначение материала и объем 514,[2] с.
Размеры 22
225 1# - СЕРИЯ
Основное заглавие серии История России и дома Романовых в мемуарах современников XVII - XX
320 ## - ПРИМЕЧАНИЯ О НАЛИЧИИ В ДОКУМЕНТЕ БИБЛИОГРАФИИ / УКАЗАТЕЛЯ
Текст примечания Библиогр. в подстроч. примеч.
320 ## - ПРИМЕЧАНИЯ О НАЛИЧИИ В ДОКУМЕНТЕ БИБЛИОГРАФИИ / УКАЗАТЕЛЯ
Текст примечания Указ. имен: с. 453-511
327 1# - ПРИМЕЧАНИЯ О СОДЕРЖАНИИ
Текст примечания Содерж.: Дневник камер-юнкера/ Ф.-В. Берхгольц. Записки, служащие к пояснению некоторых событий из времени царствования Петра Великого/ Г.-Ф. Бассевич
464 #0 - АНАЛИТИЧЕСКИЙ УРОВЕНЬ
Встроенное поле 2001#$aДневник камер-юнкера
-- 700#1$aБеркгольц$bФ. В.$f1699-1765$gФридрих Вильгельм$3RU\NLR\AUTH\770233173$4070
Заглавие Дневник камер-юнкера
Автор Беркгольц, Фридрих Вильгельм (1699-1765)
464 #0 - АНАЛИТИЧЕСКИЙ УРОВЕНЬ
Встроенное поле 2001#$aЗаписки, служащие к пояснению некоторых событий из времени царствования Петра Великого
-- 700#1$aБассевич$bГ. -Ф.$gГеннинг-Фридрих$4070
Заглавие Записки, служащие к пояснению некоторых событий из времени царствования Петра Великого
Автор Бассевич, Геннинг-Фридрих
607 ## - ГЕОГРАФИЧЕСКОЕ НАИМЕНОВАНИЕ КАК ПРЕДМЕТ
Географическое наименование СССР
Тематический подзаголовок История
-- Отзывы иностранцев
Хронологический подзаголовок 18 в.
Системный номер авторитетной/нормативной записи 2081324
Идентификатор авторитетной/нормативной записи RU\NLR\auth\661257302
607 ## - ГЕОГРАФИЧЕСКОЕ НАИМЕНОВАНИЕ КАК ПРЕДМЕТ
Географическое наименование Россия
Тематический подзаголовок История
-- Отзывы иностранцев
Хронологический подзаголовок 18 в.
Системный номер авторитетной/нормативной записи 2079135
Идентификатор авторитетной/нормативной записи RU\NLR\auth\661255008
686 ## - ИНДЕКСЫ ДРУГИХ КЛАССИФИКАЦИЙ
Индекс Т3(2)462,013
702 #1 - ИМЯ ЛИЦА - ВТОРИЧНАЯ ОТВЕТСТВЕННОСТЬ
Начальный элемент ввода Наумов
Часть имени, кроме начального элемента ввода В.
Код отношения Составитель
801 #0 - ИСТОЧНИК ЗАПИСИ
Страна Российская Федерация
Организация NLR
Дата составления 20021118
Правила каталогизации PSBO
801 #1 - ИСТОЧНИК ЗАПИСИ
Страна Российская Федерация
Организация NLR
Дата составления 20021118
942 ## - ДОПОЛНИТЕЛЬНЫЕ ЭЛЕМЕНТЫ ЗАПИСИ (АБИС)
Тип экземпляра АБИС Книга
980 ## - КОЛЛЕКЦИЯ
Название коллекции Национальная библиография
Экземпляры
Тип экземпляра Дата поступления Источник поступления Стоимость Библиотека постоянного хранения Библиотека текущего хранения Место хранения Шифр хранения Штрих-код Статус экземпляра
Книга 18.11.2002 Подсобные фонды РНБ 160.00 РНБ (Московский) РНБ (Московский) Русский книжный фонд: издания с 1957 года 2002-5/6556 1-1107457  
Книга 18.02.2005 Подсобные фонды РНБ 160.00 РНБ (Московский) РНБ (Московский) Фонд общего зала социально-экономической литературы С1 Т3(2)462/Ю-540 1-425755  
Книга 08.12.2005 Покупка 319.00 РНБ (Московский) РНБ (Московский) Русский книжный фонд: издания с 1957 года 2002-5/6556 1-3139925  
Книга 24.05.2012 Подсобные фонды РНБ 160.00 РНБ (Садовая) РНБ (Садовая) Фонд рукописей, подсобный   3660567  
Книга 13.12.2004 Покупка 160.00 РНБ (Фонтанка) РНБ (Фонтанка) Юношеский читальный зал Ю Т3(2)462/Ю-55 1-180045